00659cam a22002297a 4500003000500000005001700005008004100022010001000063011001000073035001000083040000900093082002100102100002400123245003400147250001000181260004500191300002000236490005400256650003300310700003200343830005400375CHAP20220329134021.0971013s1975 r 00010 d a14161 a15133 a19207 cCHAP a580.12bB46 197500aBell, Peter Robert.14aThe diversity of green plants a2 ed. aBaltimore, Md. :bUniversity Park,c1975 a374 p.b: ilus. 2aA series of student texts in contemporary biology14aBotánicaxClasificación.0 aWoodcock, Christopher L. F. 2aA series of student texts in contemporary biology